| 000 | 00633cam a22002171 4500 | ||
|---|---|---|---|
| 001 | sa 65006632 | ||
| 003 | DLC | ||
| 005 | 20260227112143.0 | ||
| 008 | 890403q io c 000 0 ind | ||
| 010 | _asa 65006632 | ||
| 035 | _a(OCoLC)23569812 | ||
| 040 |
_aDLC _cMiU _dDLC |
||
| 042 | _apremarc | ||
| 043 | _aa-io--- | ||
| 050 | 0 | 0 |
_aDS644 _b.2 1964.A648 |
| 100 | 1 |
_aAbdulgani, Roeslan, _d1914- |
|
| 245 | 1 | 0 | _aPembinaan kesatuan bangsa. |
| 260 |
_a[Djakarta] _bB.P.U. Perusahaan Pertjetakan dan Penerbitan Negara, Departemen Penerangan _c[cover 1964] |
||
| 300 |
_a28 p. _bport. _c20 cm. |
||
| 650 | 0 |
_aNationalism _zIndonesia. |
|
| 999 |
_c64756 _d64756 |
||